Nordkorea-Quiz - Statistiken

Allgemein
  • Dieses Quiz wurde 2.792 mal gespielt
  • Das Durchschnittsergebnis liegt bei 11 aus 21
Antwortstatistiken
Frage Antwort % Korrekt
Hauptstadt von Nordkorea Pjöngjang
91%
Oberste Führer von Nordkorea seit der Unabhängigkeit Kim {Jong}-{un}
90%
Eigentlich ist Nordkorea immer noch mit diesem Land im Krieg Südkorea
87%
Nordkorea teilt eine 17 km lange Grenze mit diesem Land Russland
82%
Nordkorea gibt ungefähr 13–23% seines BIP für dies aus Militär
73%
Was Nordkorea 2006 zum ersten Mal testete Atomwaffen
71%
Oberste Führer von Nordkorea seit der Unabhängigkeit Kim {Jong}-{il}
71%
Mit einer Kapazität von 114'000 Plätze ist "Rungrado 1. Mai" das größte ______ der Welt Stadion
63%
Katastrophe, die Nordkorea 1994–1998 befiel Hungersnot
58%
Begriff für die Religionsabwesenheit, die die Ideologie Nordkoreas prägt (Anfangsbuchstabe A) Atheismus
54%
Oberste Führer von Nordkorea seit der Unabhängigkeit Kim {Il}-{sung}
54%
Stadt im Ausland, in welcher sich die meisten Botschaften Nordkoreas befinden Peking
54%
2011 sollten von der Verfassung Nordkoreas jegliche Referenzen zu diesem "ismus" abgeschafft werden {Kommun}ismus
49%
Nordkorea hat davon ungefähr 200,000 - tausende sterben jedes Jahr {Politische} Gefangene
49%
Meer zwischen Nordkorea und China Gelbes Meer
40%
Landstreifen zwischen Nord- und Südkorea Demilitarisierte Zone
39%
Höchstes Gebäude in Nordkorea, nach 33 Jahren immer noch in Bau Ryugyong {Hotel}
39%
Amerikanischer Ex-Basketballspieler, der mit dem Führer Nordkoreas befreundet ist Dennis Rodman
23%
1978 entführte die Regierung Nordkoreas Shin Sang-ok und seine Frau Choi Eun-hee und zwang ihnen dies zu machen Filme
15%
Offizielle Staatsideologie (Anfangsbuchstabe J oder C) Juche
13%
Spitzname für Nordkorea aufgrund seiner politischen Isolation von anderen Ländern {Einsiedler}königreich
11%
Keine übereinstimmenden Quizze gefunden
Verteilung der Resultate
Anzahl Personen mit jedem Resultat
Perzentil nach korrekt beantworteten Fragen
Ihre Resultats-Entwicklung
Sie haben dieses Quiz noch nicht gespielt